La ilíada / (Registro nro. 6916)
[ vista simple ]
| 000 -LEADER | |
|---|---|
| fixed length control field | 00725nam a22002417a 4500 |
| 003 - CONTROL NUMBER IDENTIFIER | |
| control field | OSt |
| 005 - DATE AND TIME OF LATEST TRANSACTION | |
| control field | 20250701161252.0 |
| 008 - FIXED-LENGTH DATA ELEMENTS--GENERAL INFORMATION | |
| fixed length control field | 201015t1991 ck a|||er|||| 00| p spa d |
| 020 ## - INTERNATIONAL STANDARD BOOK NUMBER | |
| International Standard Book Number | 9589227279 |
| 040 ## - CATALOGING SOURCE | |
| Original cataloging agency | CO-JMCR |
| Transcribing agency | CO-JMCR |
| 041 0# - LANGUAGE CODE | |
| Language code of text/sound track or separate title | spa |
| 082 04 - DEWEY DECIMAL CLASSIFICATION NUMBER | |
| Classification number | A-P |
| Item number | HOMi1 |
| 100 1# - MAIN ENTRY--PERSONAL NAME | |
| Personal name | Homero, |
| Relator term | autor |
| 9 (RLIN) | 544 |
| 245 13 - TITLE STATEMENT | |
| Title | La ilíada / |
| Statement of responsibility, etc. | Homero |
| 260 ## - PUBLICATION, DISTRIBUTION, ETC. | |
| Place of publication, distribution, etc. | Bogotá : |
| Name of publisher, distributor, etc. | Ediciones Plus, |
| Date of publication, distribution, etc. | ©1991. |
| 300 ## - PHYSICAL DESCRIPTION | |
| Extent | 110 páginas : |
| Other physical details | ilustraciones a color ; |
| Dimensions | 18 cm. |
| 500 ## - GENERAL NOTE | |
| General note | Best sellers de la literatura juvenil. |
| 650 14 - SUBJECT ADDED ENTRY--TOPICAL TERM | |
| Topical term or geographic name entry element | Poesía épica. |
| 9 (RLIN) | 545 |
| 650 24 - SUBJECT ADDED ENTRY--TOPICAL TERM | |
| Topical term or geographic name entry element | Héroes en la literatura. |
| 9 (RLIN) | 547 |
| 700 1# - ADDED ENTRY--PERSONAL NAME | |
| Personal name | Rodriguez, Armonía, |
| Relator term | adaptadora |
| 9 (RLIN) | 41961 |
| 700 1# - ADDED ENTRY--PERSONAL NAME | |
| Personal name | Durán, Jesús, |
| Relator term | ilustrador |
| 9 (RLIN) | 41962 |
| 942 ## - ADDED ENTRY ELEMENTS (KOHA) | |
| Source of classification or shelving scheme | Dewey Decimal Classification |
| Koha item type | Books |
| Withdrawn status | Lost status | Source of classification or shelving scheme | Damaged status | Not for loan | Collection code | Home library | Current library | Date acquired | Source of acquisition | Full call number | Barcode | Date last seen | Copy number | Price effective from | Koha item type |
|---|---|---|---|---|---|---|---|---|---|---|---|---|---|---|---|
| Dewey Decimal Classification | Fiction | Biblioteca Pública José María del Castillo y Rada | Biblioteca Pública José María del Castillo y Rada | 07/05/2018 | Donación | A-P HOMi1 | 201506990 | 10/15/2020 | Ej.1 | 10/15/2020 | Books |